[Event "10th KiiT Festival 2017"]
[Site "Bhubaneshwar"]
[Date "2017.05.29"]
[Round "6"]
[White "Krishna Teja, N."]
[Black "Pruthu Deshpande"]
[Result "1-0"]
[WhiteElo "2406"]
[BlackElo "2075"]
[Annotator "TA"]
[PlyCount "89"]
[EventDate "2017.05.26"]
[EventType "swiss"]
[EventCountry "IND"]
[SourceTitle "playchess.com"]
[Source "ChessBase"]
[SourceQuality "1"]

{[%evp 16,89,59,66,59,54,65,58,59,56,75,73,83,54,77,68,77,71,79,-6,-1,-6,-10,-11,-11,-11,-11,-11,-11,-16,-16,-33,0,-25,-20,-27,-3,-95,-99,-84,-97,-235,-97,-102,-76,-70,-72,-70,-70,-70,-46,-89,-64,-166,-14,-34,0,-70,0,0,55,0,599,639,1160,970,2330,2360,29983,29984,29984,29980,29985,29986,29986,29987]} 1. d4 d5 2. c4 c6 3. e3 Nf6 4. Nc3 a6 5. Qc2 g6 6. Bd3 Bg7 7. Nf3 O-O 8. O-O Be6 {D10: Slav Defence: 3 cxd5 (without early Nf3) and 3 Nc3} (8... Bg4 9. Ne5 Be6 10. b3 c5 11. cxd5 Nxd5 12. Nxd5 Bxd5 13. Qxc5 Bxe5 14. dxe5 Bxg2 15. Rd1 Nd7 16. Qd4 Bf3 17. Rd2 e6 18. Qf4 Bc6 19. Bb2 Nc5 20. Bxg6 {½-½ (20) Nepomniachtchi,I (2728)-Malakhov,V (2702) Sochi 2015}) 9. c5 {LiveBook: 3 Games} Bc8 $146 ({Predecessor:} 9... Bg4 10. Ne5 Nbd7 11. Nxg4 Nxg4 12. h3 Ngf6 13. f4 b6 14. Na4 bxc5 15. Nxc5 Nxc5 16. Qxc5 {½-½ (26) Milov,V (2570)-Hodgson,J (2590) Biel 1995}) 10. Ne5 Ng4 {White is slightly better.} 11. Nxg4 Bxg4 12. f3 Bc8 13. f4 Nd7 14. b4 Re8 15. a4 Nf8 16. Bb2 f6 17. b5 (17. Ne2 $16) 17... e5 $11 18. bxc6 bxc6 19. a5 exd4 20. exd4 f5 21. Na4 Ne6 22. Nb6 Ra7 ({Don't blunder} 22... Bxd4+ $2 23. Bxd4 Nxd4 24. Qf2 $18) 23. Ra4 Nc7 24. Raa1 Nb5 $36 {[%mdl 2048] Black is pushing.} 25. Qf2 Rae7 26. Bxb5 (26. Rfe1 $11 {remains equal.}) 26... axb5 $17 27. Rfe1 Ba6 28. Rxe7 (28. Re5 $17 {might work better.}) 28... Rxe7 (28... Qxe7 $19 {and Black stays clearly on top.} 29. Rd1 b4) 29. Re1 Re4 (29... Qe8 {looks sharper.} 30. Re5 Bxe5 31. dxe5 Re6 32. Qd2 Qe7) 30. Rxe4 fxe4 31. Bc1 Qf6 32. Be3 Qf5 33. Qe2 Kf7 34. g4 ({White should try} 34. Kf1 $15) 34... Qe6 $2 {[#]} (34... b4 $19 35. Qd1 Qe6) 35. Kf2 Ke7 (35... Qf6 $5 {[%cal Rf6h4]} 36. Kg2 Qe6 $15) 36. Kg3 (36. Ke1 $11) 36... Kd8 (36... Bf6 $15) 37. Qf1 $11 Bc8 {[#]} (37... Ke7 $11) 38. h3 (38. f5 $1 $14 {[%mdl 512]} Qe7 (38... gxf5 39. Qf4) 39. Qf4) 38... Kc7 $2 {[%mdl 8192]} (38... Qe7 $11) 39. f5 $18 gxf5 40. Qf4+ Kd8 41. Qb8 h6 42. a6 {[%cal Ba5a6,Ba6a7][%mdl 32] White mates.} f4+ 43. Bxf4 e3 44. Nxc8 Qxc8 45. a7 {Precision: White = 48%, Black = 32%.} 1-0

[Event "10th KiiT Festival 2017"]
[Site "Bhubaneshwar"]
[Date "2017.05.29"]
[Round "6"]
[White "Das, Sayantan"]
[Black "Rahman, Ziaur"]
[Result "0-1"]
[WhiteElo "2396"]
[BlackElo "2526"]
[Annotator "TA"]
[PlyCount "44"]
[EventDate "2017.05.26"]
[EventType "swiss"]
[EventCountry "IND"]
[SourceTitle "playchess.com"]
[Source "ChessBase"]
[SourceQuality "1"]

{[%evp 12,44,29,37,39,0,0,0,0,0,0,0,0,0,0,0,0,0,0,-64,-70,-133,-125,-131,-135,-133,-131,-443,-434,-432,-409,-562,-477,-475,-474]} 1. e4 g6 2. d4 Bg7 3. Nc3 c6 4. Be3 d5 5. e5 Qb6 6. Rb1 {B15: Caro-Kann: 3 Nc3: 3...g6 and 3...dxe4 4 Nxe4 Nf6 5 Nxf6+ exf6} Nh6 {[%cal Bg8h6,Bh6g4,Bg4e3][%mdl 32]} 7. f4 {LiveBook: 3 Games} f6 8. Qd2 {White is slightly better.} Ng4 $1 {[%cal Rf6e5]} 9. Nf3 Nxe3 10. Qxe3 O-O 11. Bd3 Bg4 12. O-O Bxf3 13. Rxf3 fxe5 14. fxe5 {[#]} Nd7 $146 {[%cal Bb8d7,Bd7e5,Be5g6][%mdl 32]} ({Predecessor:} 14... Rxf3 15. gxf3 {0-1 (60) Osmanodja,F (2255)-Aronian,L (2813) Meissen 2013}) 15. Rxf8+ (15. Rh3 $11) 15... Rxf8 $15 16. Na4 {[#]} (16. a4 $1 $15) 16... Bh6 $1 $17 {[%cal Rh6e3][%mdl 512]} 17. Qxh6 Qxd4+ 18. Kh1 {And now Bxg6 would win.} Nxe5 {aiming for ...Ng4.} ({Weaker is} 18... Qxa4 {[#]} 19. Bxg6 $1 {[%mdl 512]} hxg6 20. Qxg6+ Kh8 21. Qh6+ Kg8 22. Qe6+ Rf7 23. Qxd7 $11) 19. Bxg6 $2 {[%mdl 8192]} (19. Qg5 $17 {was the crucial defense.} Nxd3 20. cxd3) 19... Nxg6 $19 ({Not} 19... hxg6 20. Nc3 $19) 20. Nc3 Qf2 {( -> ...Qf1+!)} 21. h3 Qxc2 22. Qe3 e5 {Precision: White = 26%, Black = 96%.} 0-1

[Event "10th KiiT Festival 2017"]
[Site "Bhubaneshwar"]
[Date "2017.05.29"]
[Round "6"]
[White "Iniyan, P."]
[Black "Srijit Paul"]
[Result "0-1"]
[WhiteElo "2392"]
[BlackElo "2248"]
[Annotator "TA"]
[PlyCount "82"]
[EventDate "2017.05.26"]
[EventType "swiss"]
[EventCountry "IND"]
[SourceTitle "playchess.com"]
[Source "ChessBase"]
[SourceQuality "1"]

{[%evp 10,82,33,-12,-7,-28,-19,-31,-23,-37,-37,-117,-41,-43,-38,-45,-43,-73,-66,-97,-87,-80,-92,-91,-106,-87,-55,-70,-47,-85,-76,-57,-67,-223,-249,-246,-242,-300,-106,-115,-69,-156,-139,-190,-179,-172,-180,-151,-97,-90,-91,-327,-326,-344,-341,-336,-341,-735,-740,-671,-473,-450,-464,-445,-427,-1827,-1781,-1654,-1639,-1043,-1489,-1327,-1301,-1126,-1097]} 1. d4 f5 2. c4 Nf6 3. Nf3 g6 4. Nc3 Bg7 5. e3 d6 6. Bd3 {LiveBook: 9 Games} e5 {Threatens to win with ...e4. A85: Dutch Defence: 2 c4 Nf6 3 Nc3} 7. Bc2 $146 ({Predecessor:} 7. dxe5 dxe5 8. Nxe5 Ne4 9. Bxe4 Qxd1+ 10. Nxd1 fxe4 11. f4 exf3 12. Nxf3 Be6 13. Nd2 Nc6 14. Rb1 {½-½ (34) Rabrenovic,V (2373)-Jovanovic,B (2261) Kragujevac 2015}) 7... e4 8. Ng1 O-O {Black is slightly better.} 9. Nge2 Be6 10. Nf4 (10. b3 $15) 10... Bf7 (10... Bxc4 $17 11. Bb3 Bf7) 11. h4 $15 Nc6 {[%cal Bb8c6,Bc6b4,Bb4c2][%mdl 32]} 12. Qe2 Bh6 {Strongly threatening ...Bxf4.} 13. d5 Nb4 14. a3 Nxc2+ 15. Qxc2 c6 16. dxc6 bxc6 17. Nce2 c5 18. Bd2 Ng4 19. Rd1 Qb6 20. b3 Rab8 21. Nc1 $2 (21. Rb1 $15) 21... Bxf4 $19 22. exf4 d5 23. cxd5 Bxd5 $2 (23... c4 $1 $19 {[%csl Gg4][%cal Rb6f2] and Black stays clearly on top.} 24. Bb4 Rfc8 25. bxc4 Rxc4 $3 {[%mdl 512]}) 24. O-O Rfc8 25. Ba5 (25. Bc3 $15 Bxb3 26. Nxb3 Qxb3 27. Qd2) 25... Bxb3 $17 ({Don't play} 25... Qxa5 26. Rxd5 Nf6 27. Re5 $15) 26. Qc3 (26. Nxb3 $17 Qxb3 27. Rc1) 26... Qe6 $19 27. Rd2 Ba4 28. Re1 {[#]} Nf6 ({Black should play} 28... e3 $1 {[%cal Re3d2][%mdl 512]} 29. fxe3 Nf6) 29. Nd3 Rb3 $36 {[%mdl 2048] Black has strong initiative.} 30. Qc1 $2 (30. Nxc5 $17 {might work better.} Rxc3 31. Nxe6 Rxa3 32. Rd6) 30... c4 31. Nb4 e3 32. fxe3 Rxe3 33. Rxe3 $2 (33. Nc2 Rxe1+ 34. Nxe1) 33... Qxe3+ {Black is clearly winning.} 34. Kh1 Qc5 35. Rd8+ Rxd8 36. Bxd8 Ne4 37. Qa1 (37. Kh2 $142) 37... Nf2+ 38. Kh2 Ng4+ 39. Kh1 Qd6 40. Bg5 h6 41. Qc1 Bb3 {Precision: White = 34%, Black = 70%.} 0-1

[Event "10th KiiT Festival 2017"]
[Site "Bhubaneshwar"]
[Date "2017.05.29"]
[Round "6"]
[White "Sardana, Rishi"]
[Black "Shrestha, Bilam Lal"]
[Result "1-0"]
[WhiteElo "2390"]
[BlackElo "2072"]
[Annotator "TA"]
[PlyCount "69"]
[EventDate "2017.05.26"]
[EventType "swiss"]
[EventCountry "IND"]
[SourceTitle "playchess.com"]
[Source "ChessBase"]
[SourceQuality "1"]

{[%evp 13,69,60,67,59,121,135,174,163,195,203,188,196,231,214,453,396,632,614,623,611,877,862,826,702,694,659,552,407,400,413,867,833,830,725,910,909,874,890,868,877,925,910,910,904,843,709,659,685,793,789,782,766,880,868,1027,934,12838,12828]} 1. e4 c6 {[%cal Bc7c6,Bc6c5][%mdl 32]} 2. d4 d5 3. e5 Bf5 4. Nf3 e6 5. Be2 Nd7 6. O-O c5 7. c4 Ne7 8. Nc3 {B12: Caro-Kann: Advance Variation} a6 (8... dxc4 $14 9. Bxc4 a6) 9. cxd5 $16 exd5 10. Bg5 {White is clearly better.} Be6 {[#]} 11. dxc5 $1 $40 {[%mdl 128] White goes for the king.} Nxc5 12. Nd4 Qb6 $146 ({Predecessor:} 12... Qd7 13. Rc1 h6 14. Be3 Ng6 {1-0 (22) Klovans,J (2470)-Mann,D (1800) Dresden 1999}) 13. Rc1 Rd8 $2 (13... Qxb2 14. Be3 Qb4) 14. Be3 $18 ({Less strong is} 14. Na4 Nxa4 15. Qxa4+ Bd7 $18) 14... Qxb2 (14... Qa5 $142 15. Ncb5 Nc6 16. Rxc5 axb5 17. Rxb5 Qa8 18. Nxe6 fxe6) 15. Ncb5 axb5 16. Rxc5 Bd7 17. Nxb5 {[%cal Rb5d6] [#]} Bc6 18. Nd6+ Rxd6 19. exd6 Nf5 20. d7+ Kd8 21. Ra5 {Bg4 is the strong threat.} Qe5 (21... Nxe3 $142 22. Ra8+ Kxd7 23. fxe3 f6 24. Bg4+ Ke7) 22. Bb6+ {White is clearly winning.} Kxd7 23. Bg4 {And now Re1 would win.} Bd6 24. f4 Qf6 25. Qd3 g6 26. Bd4 Qd8 27. Bxf5+ gxf5 28. Qxf5+ Kc7 29. Bxh8 Qxh8 30. Qxf7+ Kb6 31. Rxd5 Qb2 32. Rg5 h6 33. Rg6 Bc5+ 34. Kh1 Qe2 35. Rb1+ {Precision: White = 86%, Black = 41%.} 1-0

[Event "10th KiiT Festival 2017"]
[Site "Bhubaneshwar"]
[Date "2017.05.29"]
[Round "6"]
[White "Rathanvel, V S"]
[Black "Singh, S  Vikramjit"]
[Result "0-1"]
[WhiteElo "2361"]
[BlackElo "2213"]
[Annotator "TA"]
[PlyCount "60"]
[EventDate "2017.05.26"]
[EventType "swiss"]
[EventCountry "IND"]
[SourceTitle "playchess.com"]
[Source "ChessBase"]
[SourceQuality "1"]

{[%evp 18,60,47,27,41,39,47,19,37,-22,-19,-27,-27,-30,-31,-27,-36,-72,-69,-78,-69,-102,-101,-147,-91,-97,-82,-97,-28,-56,-44,-46,-43,-129,-139,-447,-456,-457,-459,-914,-933,-920,-919,-29988,-660]} 1. e4 c5 2. Nf3 d6 3. d4 cxd4 4. Nxd4 Nf6 5. Nc3 Nc6 6. Bg5 e6 7. Qd2 a6 8. O-O-O Bd7 9. f3 Be7 10. Kb1 O-O {B67: Sicilian: Richter-Rauzer: 7...a6 8 0-0-0 Bd7, lines without 9 f4 Be7} 11. h4 Nxd4 12. Qxd4 Bc6 {The position is equal.} 13. e5 $146 (13. Qe3 $14) ({Predecessor:} 13. Bd3 b5 14. Qf2 Nd7 15. Qg3 Ne5 16. Ne2 b4 17. Nf4 Kh8 18. Nh5 {0-1 (33) Karthikeyan,P (2435)-Gupta,A (2631) New Delhi 2015}) 13... dxe5 $11 14. Qxe5 Qb8 15. Qe1 Rd8 16. Bd3 Qc7 17. h5 {Black must now prevent h6.} h6 $1 {[%cal Rh6g5]} 18. Bh4 b5 {[%cal Bb7b5,Bb5b4][%mdl 32]} 19. Qf2 b4 20. Ne2 Nd5 (20... a5 $142 $1 21. Bg3 Qb7) 21. Bxe7 $17 Qxe7 22. Bc4 Nc7 ({Black should play} 22... a5 $17) 23. Nf4 Bb5 24. Bxb5 Nxb5 $40 {[%mdl 128] Black mounts an attack.} 25. Qb6 (25. Rxd8+ $15 Qxd8 26. Rc1) 25... Rdb8 {[%cal Bd8b8,Bb8b2,Bb2b1][%mdl 32]} 26. Qa5 $2 {[%mdl 8192] [#]} (26. Qc6 $17 {nothing else works.}) 26... Qg5 $1 $19 {...Nc3+! is the strong threat.} 27. Qxb4 {[#]} a5 $1 {[%cal Ra5b4]} 28. Qd2 (28. Qb3 $142 Qxf4 29. Qd3) 28... Na3+ 29. Ka1 {[#]} Rxb2 $1 {[%mdl 512] ( -> ...Rab8)} 30. Nxe6 {[#]} (30. Kxb2 Rb8+) 30... Rb1+ $1 {[%mdl 512] Precision: White = 25%, Black = 75%.} 0-1

[Event "10th KiiT Festival 2017"]
[Site "Bhubaneshwar"]
[Date "2017.05.29"]
[Round "6"]
[White "Saravana, Krishnan P"]
[Black "Hegde, Ravi Gopal"]
[Result "1-0"]
[WhiteElo "2345"]
[BlackElo "2165"]
[Annotator "TA"]
[PlyCount "63"]
[EventDate "2017.05.26"]
[EventType "swiss"]
[EventCountry "IND"]
[SourceTitle "playchess.com"]
[Source "ChessBase"]
[SourceQuality "1"]

{[%evp 9,63,34,43,42,46,54,36,39,77,61,77,39,55,50,67,54,77,69,78,82,66,68,62,63,85,72,97,60,114,0,1,-4,117,106,114,121,174,162,518,217,265,211,270,264,252,262,337,339,331,335,564,204,193,184,29995,29996]} 1. e4 g6 2. d4 Bg7 3. Nc3 d6 4. Bg5 Nd7 5. Qd2 c5 6. Nf3 {B06: Modern Defence} (6. Nge2 a6 7. O-O-O b5 8. h4 Bb7 9. h5 cxd4 10. Nxd4 Ngf6 11. h6 Bf8 12. f3 e5 13. Nb3 Be7 {1-0 (37) Mamedov,N (2610)-Abbasov,F (2553) Baku 2010}) 6... cxd4 7. Nxd4 a6 8. f3 $146 {White is slightly better.} ({Predecessor:} 8. Bc4 Qa5 9. Bb3 Nc5 10. Rd1 Nf6 11. Bxf6 Bxf6 12. Nd5 Qxd2+ 13. Rxd2 Bxd4 14. Rxd4 Rb8 15. f3 Be6 16. O-O Rc8 17. c3 Bxd5 {½-½ (17) Guerra Bastida,D (2368)-Vassallo Barroche,M (2443) Linares 2003}) 8... Ne5 9. Be2 Bd7 10. f4 Nc6 11. Nb3 a5 12. a4 Rc8 13. O-O $36 {[%mdl 2048] Black is under pressure.} Nf6 14. Rad1 Be6 15. Kh1 O-O 16. Bb5 Nb4 17. Nd4 Bc4 18. Rfe1 Qb6 (18... Ng4 $14) 19. f5 (19. e5 $16 Bxb5 20. exf6 (20. Ncxb5 dxe5 21. fxe5 Nfd5 $14) (20. axb5 Ng4 $11) 20... exf6 21. Ncxb5 (21. Ndxb5 fxg5 22. Nxd6 Rc6 $11) 21... fxg5 22. fxg5) 19... Ng4 $1 $11 {Strongly threatening ...Qxd4.} 20. h3 ({Much weaker is} 20. Bxe7 Bh6 $17) 20... Nf6 (20... Qxd4 $1 $11 {keeps the balance.} 21. Qxd4 Bxd4 22. Rxd4 Bxb5) 21. Be3 $16 {Ne6 is the strong threat.} Qc7 22. Bh6 Bxh6 (22... Bxb5 $16 {keeps fighting.} 23. axb5 (23. Ncxb5 Qc5 $11) 23... Kh8) 23. Qxh6 $18 Qb6 $2 (23... Kh8 {is tougher.}) 24. Rd2 (24. fxg6 $142 {White threatens Nf5 and mate.} hxg6 25. Re3) 24... Bxb5 25. Ncxb5 Nc6 26. Nf3 Ne5 {[#]} 27. Ng5 $1 Rc5 28. Rf1 {aiming for fxg6.} Ned7 29. Rdf2 gxf5 $2 (29... Re5 30. Rf4 Qe3) 30. Rf3 $2 (30. exf5 {Hoping for Rf3.} Ne5 31. Re2) 30... f4 31. Rxf4 {Threatening mate with Rg4!} Rxc2 $2 {[#]} (31... Rxg5 $18 32. Qxg5+ Kh8) 32. Rg4 $1 {[%mdl 512] Precision: White = 74%, Black = 37%.} 1-0

[Event "10th KiiT Festival 2017"]
[Site "Bhubaneshwar"]
[Date "2017.05.29"]
[Round "6"]
[White "Sai Krishna G V"]
[Black "Amonatov, Farrukh"]
[Result "1/2-1/2"]
[WhiteElo "2339"]
[BlackElo "2632"]
[Annotator "TA"]
[PlyCount "106"]
[EventDate "2017.05.26"]
[EventType "swiss"]
[EventCountry "IND"]
[SourceTitle "playchess.com"]
[Source "ChessBase"]
[SourceQuality "1"]

{[%evp 20,106,134,131,429,410,575,140,150,148,144,150,162,162,178,193,187,178,178,102,93,-31,-34,-36,-46,-46,-56,-50,-47,-33,-38,-41,-49,-51,-38,-73,-72,-80,-80,-74,-74,-82,-83,-83,-81,-79,-80,-80,-87,-84,0,-8,-8,-8,0,0,0,0,0,0,0,0,0,0,0,0,0,0,0,0,0,0,0,0,0,0,0,0,0,0,0,0,0,0,0,0,0,0,0]} 1. e4 c5 2. Nf3 d6 3. d4 cxd4 4. Nxd4 Nf6 5. Nc3 a6 6. Bg5 e6 7. f4 Qc7 8. Qf3 b5 9. O-O-O Bb7 {B96: Sicilian Najdorf: 6 Bg5 e6 7 f4, lines other than 7...Qb6 and 7...Be7} (9... b4 10. e5 Bb7 11. Ncb5 axb5 12. Bxb5+ Nbd7 13. Qh3 b3 14. Qxb3 Bd5 15. c4 Ne4 16. Rhe1 Nxg5 17. fxg5 Bxc4 18. exd6 Bxb3+ 19. dxc7 Bxd1 20. Rxd1 {½-½ (27) Miton,K (2604)-Vachier Lagrave,M (2716) Dresden 2008}) 10. Bxf6 gxf6 11. Qh5 {LiveBook: 4 Games} Ke7 $2 {[%mdl 8192]} (11... Kd8 $16 {might work better.}) 12. Bxb5 $18 Qc5 $146 (12... axb5 $142 13. e5 fxe5 14. fxe5 Qd7 15. Ndxb5 d5) ({Predecessor:} 12... axb5 13. Ndxb5 Qc5 14. e5 dxe5 15. Nd6 Bd5 16. Qxf7+ Kxd6 17. Ne4+ {1-0 (25) Wollenweber,C (2090)-Reddmann,H (2239) Hamburg 2015}) 13. Be2 $2 (13. e5 $1 $18 {[%cal Re5d6]} fxe5 14. Qh4+ f6 15. fxe5 Qxe5 16. Rhe1 Qg5+ 17. Qxg5 fxg5 18. Rxe6+ Kd8 19. Re8+ Kc7 20. Ne6+ Kb6 21. Nxf8 axb5 22. Rxd6+ Kc5 23. Rdd8) 13... Qxh5 $16 14. Bxh5 Nc6 15. Nb3 Bg7 16. Rd2 a5 17. Rhd1 {Hoping for Nc5!} Rhd8 18. a4 Nb4 19. Kb1 (19. g3 $18) 19... f5 {[#]} 20. Bf3 (20. Re1 $1 $16) 20... Bxc3 $1 $15 21. bxc3 fxe4 22. cxb4 exf3 23. Nxa5 Rxa5 24. bxa5 {aiming for a6.} fxg2 {[%mdl 4096] Endgame KRR-KRB} 25. Kb2 Ra8 26. Kb3 Rxa5 {...Rh5 is the strong threat.} 27. Rxd6 {[#]} Bd5+ $1 ({But not} 27... g1=Q 28. Rd7+ Ke8 29. Rd8+ Ke7 30. R8d7+ Ke8 31. Rd8+ Ke7 32. R8d7+ $11) 28. R6xd5 Rxd5 $17 {KR-KR} 29. Rg1 Rd2 30. a5 Kd6 31. Kc3 Rf2 32. Kd3 Kc5 33. c3 Kb5 34. Ke3 Rc2 35. Kf3 {The position is equal.} Kxa5 {Strongly threatening ...Ka4.} 36. Rxg2 Rxc3+ 37. Ke4 Rc4+ 38. Ke3 f5 39. Rg7 h5 40. Rh7 Kb5 41. Rh6 Re4+ 42. Kf3 Kc4 (42... h4 $5) 43. Rxh5 Kd3 44. Rh6 Re3+ 45. Kf2 Re2+ 46. Kf3 Re3+ 47. Kf2 Re4 48. Kf3 Kd4 49. h4 Re3+ 50. Kf2 Re4 51. Kf3 Re3+ 52. Kf2 Re4 53. Kf3 Re3+ {Precision: White = 65%, Black = 68%.} 1/2-1/2

[Event "10th KiiT Festival 2017"]
[Site "Bhubaneshwar"]
[Date "2017.05.29"]
[Round "6"]
[White "Arjun Kalyan"]
[Black "Ghosh, Diptayan"]
[Result "1/2-1/2"]
[WhiteElo "2322"]
[BlackElo "2569"]
[Annotator "TA"]
[PlyCount "63"]
[EventDate "2017.05.26"]
[EventType "swiss"]
[EventCountry "IND"]
[SourceTitle "playchess.com"]
[Source "ChessBase"]
[SourceQuality "1"]

{[%evp 35,63,39,51,20,18,17,17,17,14,0,6,0,0,0,1,7,9,0,10,12,23,8,8,0,35,3,9,6,5,0]} 1. e4 e5 2. Nf3 Nc6 3. Bb5 {[%cal Bf1b5,Bb5a4,Ba4b3][%mdl 32]} a6 4. Ba4 Nf6 5. O-O Be7 6. Re1 b5 7. Bb3 d6 8. c3 O-O 9. h3 Nb8 10. d4 Nbd7 11. Nbd2 {[%cal Bb1d2,Bd2f1,Bf1g3][%mdl 32]} Bb7 12. Bc2 Re8 13. Nf1 Bf8 14. Ng3 g6 15. b3 c6 16. Bg5 {C95: Closed Ruy Lopez: Breyer Variation with 10 d4} Bg7 17. Qd2 Qe7 (17... Nf8 18. Rad1 Qc7 19. Bh6 Ne6 20. b4 a5 21. Bb3 Bc8 22. a3 axb4 23. axb4 Ra3 {0-1 (74) Sethuraman,S (2623)-Ding,L (2755) Hyderabad 2015}) 18. a4 Qf8 {LiveBook: 22 Games} 19. axb5 (19. Be3 {with more complications.} Red8 20. Qc1 Re8 21. Bd3 d5 22. Nxe5 Nxe5 23. dxe5 Nxe4 24. Bxe4 dxe4 25. Nxe4 Rxe5 26. Bd4) 19... axb5 20. dxe5 Nxe5 21. Nxe5 dxe5 22. Qe2 {[#]} Rxa1 $146 ({Predecessor:} 22... Nd7 23. b4 Bh6 24. Bxh6 Qxh6 {½-½ (37) Almasi,Z (2619)-Sasikiran,K (2652) Corsica 2005}) 23. Rxa1 Ra8 24. Rxa8 Qxa8 25. Qd3 h6 26. Be3 Bf8 27. b4 Qc8 28. Bb3 Qd7 29. Qe2 h5 (29... c5 $5) 30. Qf3 Bg7 31. Bg5 Nh7 32. Be3 {Precision: White = 34%, Black = 54%.} 1/2-1/2

[Event "10th KiiT Festival 2017"]
[Site "Bhubaneshwar"]
[Date "2017.05.29"]
[Round "6"]
[White "Raahul V S"]
[Black "Wagh Suyog"]
[Result "0-1"]
[WhiteElo "2311"]
[BlackElo "2138"]
[Annotator "TA"]
[PlyCount "88"]
[EventDate "2017.05.26"]
[EventType "swiss"]
[EventCountry "IND"]
[SourceTitle "playchess.com"]
[Source "ChessBase"]
[SourceQuality "1"]

{[%evp 34,88,47,50,67,0,0,0,0,0,0,-22,-15,-42,-30,-70,-52,-50,-59,-79,-76,-125,-42,-202,-212,-208,-183,-171,-83,-68,-85,-85,-77,-140,-35,-207,-207,-270,-207,-593,-601,-604,-592,-593,-572,-793,-720,-734,0,-229,-235,-221,-233,-565,-572,-629,-558]} 1. c4 Nf6 2. Nc3 c5 3. Nf3 b6 4. d4 cxd4 5. Nxd4 Bb7 6. f3 d6 7. e4 e6 8. Be2 Be7 9. O-O O-O 10. Be3 a6 11. Qd2 Nbd7 12. Rfd1 Rc8 13. Rac1 Qc7 14. Bf1 Qb8 15. Qf2 Bd8 16. b4 Bc7 17. g3 Rfe8 18. Nb3 {LiveBook: 4 Games. A31: Symmetrical English: 2 Nf3 Nf6 3 d4} h5 19. Be2 $146 (19. Bg5 $14) ({Predecessor:} 19. c5 bxc5 20. bxc5 d5 21. exd5 exd5 22. Ne2 Ne5 23. Bf4 d4 24. Nexd4 Nxf3+ 25. Nxf3 {½-½ (75) Zamengo,F (2276)-Sanal,V (2473) Durban 2014}) 19... d5 $1 $11 20. exd5 {The position is equal.} exd5 21. Nxd5 Nxd5 22. cxd5 Nf6 23. Bg5 Nxd5 24. b5 axb5 $1 25. Bxb5 Re5 26. Bd2 h4 27. Nd4 Ne7 (27... Bd6 $17 {White must now prevent ...Rxc1.} 28. g4 Bc5) 28. Nc6 $2 (28. Bf4 $15) 28... Bxc6 $19 29. Bxc6 hxg3 30. hxg3 {[#]} Re6 (30... b5 $1 $19 {is more deadly.} 31. Be4 f5 32. Rxc7 Qxc7) 31. Be4 $17 Bxg3 32. Rxc8+ Nxc8 33. Qg2 (33. Qd4 $142 Rd6 34. Qe3) 33... Ne7 (33... Qd6 $17 34. Qh3 Ne7 35. Bh7+ Kf8) 34. Bc3 $2 ({White should try} 34. Bg5 $1 $15) 34... f5 $19 35. Bc2 Rg6 36. Bb3+ $2 {[#]} (36. Kf1 {was the crucial defense.}) 36... Kh7 $1 37. Kf1 Be5 38. Bxe5 Qxe5 39. Qf2 {If only White now had time for Rd4....} Rh6 {...Rh1+ is the strong threat.} 40. Kg1 Rg6+ $2 (40... Ng6 41. Re1 Qf4) 41. Kf1 $1 Qb5+ 42. Ke1 {And now Qh4+ would win.} Rh6 43. Rd4 $2 (43. Kd2) 43... Ng6 44. Kd2 Qc5 {Precision: White = 21%, Black = 51%.} 0-1

[Event "10th KiiT Festival 2017"]
[Site "Bhubaneshwar"]
[Date "2017.05.29"]
[Round "6"]
[White "Mitrabha, Guha"]
[Black "Deviatkin, Andrei"]
[Result "1/2-1/2"]
[WhiteElo "2299"]
[BlackElo "2481"]
[Annotator "TA"]
[PlyCount "45"]
[EventDate "2017.05.26"]
[EventType "swiss"]
[EventCountry "IND"]
[SourceTitle "playchess.com"]
[Source "ChessBase"]
[SourceQuality "1"]

{[%evp 22,45,16,23,24,31,53,63,100,100,100,98,104,79,170,106,88,84,84,50,50,56,79,0,56,0]} 1. d4 Nf6 2. c4 g6 3. g3 Bg7 4. Bg2 O-O 5. Nc3 d6 6. Nf3 Nbd7 7. O-O e5 8. e4 c6 9. h3 a6 10. a4 Re8 {E69: King's Indian: Fianchetto: 6...Nbd7 7 0-0 e5 8 e4 c6 9 h3} 11. Be3 exd4 12. Nxd4 {[%cal Bf3d4,Bd4e2,Be2f4][%mdl 32] LiveBook: 3 Games} Qc7 {White has an edge.} (12... Nc5 13. Qc2 a5 14. Rfd1 Qe7 15. Re1 Nfd7 16. Rad1 h5 17. b3 Na6 18. f4 {0-1 (44) Gretarsson,H (2580)-Hjartarson,J (2547) Reykjavik 2016}) 13. Qc2 Ne5 14. b3 c5 {[#]} 15. Nde2 $1 Bd7 16. Rad1 Rad8 17. Rd2 $146 ({Predecessor:} 17. Nf4 Bc6 18. Nfd5 Nxd5 19. Nxd5 Bxd5 20. exd5 {1-0 (38) Born,B (1954)-Reichwald,K (1716) Bad Woerishofen 2005}) 17... b6 (17... Qc8 $16) 18. Rfd1 (18. Bg5 $18 {And now Bxf6 would win.} Be6 19. f4) 18... Be6 $16 19. Nf4 Nc6 20. Kh2 Nb4 21. Qc1 Nc6 22. Qc2 Nb4 23. Qc1 (23. Nxe6 $14 fxe6 24. Qc1) 1/2-1/2